banner-ar

Vocabulaire technique et critique de la philosophie/ (Record no. 66089)

MARC details
000 -الفاتح
حقل البيانات ثابتة الطول 00488nam a22001697a 4500
005 - وقت وتاريخ اخر تعامل مع التسجيلة
رقم الضبط 20240530110859.0
008 - عناصر البيانات ثابتة الطول - معلومات عامة
حقل البيانات ثابتة الطول 220125s1926 rf g 000 0 eng d
040 ## - مصدر الفهرسة
وكالة الفهرسة الأصلية EG-CaGPL
وكالة النسخ EG-CaGPL
082 04 - رقم تصنيف ديوى العشرى
رقم الطبعة 21
رقم التصنيف 103/
رقم المادة L V
100 1# - المدخل الرئيسى - إسم شخصى
الإسم الشخصى lalande,Andre
245 10 - بيان العنوان
العنوان Vocabulaire technique et critique de la philosophie/
بيان المسئوليه,etc Andre lalande
260 ## - PUBLICATION, DISTRIBUTION, ETC. (IMPRINT)
تاريخ النشر أو التوزيع 1962.
300 ## - الوصف المادى
التعداد 664 p. ;
أبعاد الوعاء 19 cm.
650 07 - المدخل الاضافى بالموضوع-مصطلح موضوعى
مصدر الرأس أو المصطلح qrmak
مصطلح موضوعي FRENCH LANGUAGE
650 07 - المدخل الاضافى بالموضوع-مصطلح موضوعى
مصدر الرأس أو المصطلح qrmak
مصطلح موضوعي DICTIONARIES
942 ## - عناصر المدخل الإضافي( كوها)
مصدر التصنيف او مخطط الترفيف Dewey Decimal Classification
Koha [default] item type كتاب
260 ## - PUBLICATION, DISTRIBUTION, ETC. (IMPRINT)
-- paris
-- Quadrige,
Holdings
حالة التراجع حالة الفقد حالة تلف ليس للاعارة المكان المؤقت الموقع الحالى موقع الترفيف تاريخ الاكتساب اجمالي اﻻعارات رقم الطلب الباركود تاريخ اخر مشاهدة تاريخ تفعيل السعر نوع وعاء كوها
        مكتبة القاهرة الكبرى مكتبة القاهرة الكبرى   01/25/2022   103/ L V 167307 01/25/2022 01/25/2022 كتاب
        مكتبة القاهرة الكبرى مكتبة القاهرة الكبرى   01/25/2022   103/ L V 167308 01/25/2022 01/25/2022 كتاب

Powered By

EGPV